Fundamentals of Mathematics/ (Record no. 7068)
[ view plain ]
| 000 -LEADER | |
|---|---|
| fixed length control field | 00875nam a22002297a 4500 |
| 003 - CONTROL NUMBER IDENTIFIER | |
| control field | BUBTL |
| 008 - FIXED-LENGTH DATA ELEMENTS--GENERAL INFORMATION | |
| fixed length control field | 230727b ||||| |||| 00| 0 eng d |
| 020 ## - INTERNATIONAL STANDARD BOOK NUMBER | |
| International Standard Book Number | 9789848941041 |
| 041 ## - LANGUAGE CODE | |
| Language code of text/sound track or separate title | English to Bengli |
| 082 ## - DEWEY DECIMAL CLASSIFICATION NUMBER | |
| Classification number | 510/ M3124f/ 2015 |
| 100 ## - MAIN ENTRY--PERSONAL NAME | |
| Personal name | Mandal, Prof. Amulya Chandra |
| 9 (RLIN) | 5399 |
| 245 ## - TITLE STATEMENT | |
| Title | Fundamentals of Mathematics/ |
| Remainder of title | Prof. Amulya chandra Mandal, Md. Nurul Amin and Amirul Mostafa and Md. Aftab Uddin and Md. Abu Salek and Goutam kumar Saha |
| 250 ## - EDITION STATEMENT | |
| Edition statement | 1st ed. |
| 260 ## - PUBLICATION, DISTRIBUTION, ETC. (IMPRINT) | |
| Place of publication, distribution, etc. | Dhaka: |
| Name of publisher, distributor, etc. | NADI Publications |
| Date of publication, distribution, etc. | c2015 |
| 300 ## - PHYSICAL DESCRIPTION | |
| Extent | 1087p. : |
| Other physical details | ill. ; 21 cm. |
| 526 ## - STUDY PROGRAM INFORMATION NOTE | |
| Program name | BBA, EEE, CSE |
| 658 ## - INDEX TERM--CURRICULUM OBJECTIVE | |
| Main curriculum objective | Mathematics |
| 700 ## - ADDED ENTRY--PERSONAL NAME | |
| Personal name | Prof. Amulya chandra Mandal, Md. Nurul Amin and Amirul Mostafa and Md. Aftab Uddin and Md. Abu Salek and Goutam kumar Saha |
| 9 (RLIN) | 5400 |
| 856 ## - ELECTRONIC LOCATION AND ACCESS | |
| Password | 0 |
| Logon | 0 |
| Link text | Download |
| 942 ## - ADDED ENTRY ELEMENTS (KOHA) | |
| Source of classification or shelving scheme | |
| Koha item type | Books |
| Withdrawn status | Lost status | Source of classification or shelving scheme | Damaged status | Not for loan | Collection code | Permanent location | Current location | Shelving location | Date acquired | Source of acquisition | Inventory number | Total Checkouts | Full call number | Barcode | Date last seen | Copy number | Price effective from | Koha item type |
|---|---|---|---|---|---|---|---|---|---|---|---|---|---|---|---|---|---|---|
| Non-fiction | Bangladesh University of Business and Technology Library | Bangladesh University of Business and Technology Library | Mathematics Stacks | 10/14/2015 | Purchase | 21489 | 510/ M3124f/ 2015 | BUBTL-200321489 | 07/27/2023 | C-1 | 07/27/2023 | Books | ||||||
| Non-fiction | Bangladesh University of Business and Technology Library | Bangladesh University of Business and Technology Library | Mathematics Stacks | 10/14/2015 | Purchase | 21490 | 510/ M3124f/ 2015 | BUBTL-200321490 | 07/27/2023 | C-2 | 07/27/2023 | Books |
